<?xml version="1.0" encoding="UTF-8"?>
<record
    xmlns:xsi="http://www.w3.org/2001/XMLSchema-instance"
    xsi:schemaLocation="http://www.loc.gov/MARC21/slim http://www.loc.gov/standards/marcxml/schema/MARC21slim.xsd"
    xmlns="http://www.loc.gov/MARC21/slim">

  <leader>00355nam a22001457a 4500</leader>
  <controlfield tag="003">SGT</controlfield>
  <datafield tag="020" ind1=" " ind2=" ">
    <subfield code="a">81-86270-23-X</subfield>
  </datafield>
  <datafield tag="082" ind1=" " ind2=" ">
    <subfield code="a">612.015</subfield>
    <subfield code="b">RAO</subfield>
  </datafield>
  <datafield tag="100" ind1=" " ind2=" ">
    <subfield code="a">RAO, DR. G. DEVALA </subfield>
  </datafield>
  <datafield tag="245" ind1=" " ind2=" ">
    <subfield code="a">A TEXTBOOK OF APPLIED BIOCHEMISTRY &amp; CLINICAL PATHOLOGY </subfield>
  </datafield>
  <datafield tag="260" ind1=" " ind2=" ">
    <subfield code="a">INDIA </subfield>
    <subfield code="b">BIRLA PUB. </subfield>
    <subfield code="c">2027</subfield>
  </datafield>
  <datafield tag="300" ind1=" " ind2=" ">
    <subfield code="a">297</subfield>
  </datafield>
  <datafield tag="650" ind1=" " ind2=" ">
    <subfield code="a">BIOCHEMISTRY </subfield>
  </datafield>
  <datafield tag="942" ind1=" " ind2=" ">
    <subfield code="2">ddc</subfield>
    <subfield code="c">BK</subfield>
  </datafield>
  <datafield tag="952" ind1=" " ind2=" ">
    <subfield code="0">0</subfield>
    <subfield code="1">0</subfield>
    <subfield code="2">ddc</subfield>
    <subfield code="4">0</subfield>
    <subfield code="7">1</subfield>
    <subfield code="8">FS</subfield>
    <subfield code="a">SSSL</subfield>
    <subfield code="b">SSSL</subfield>
    <subfield code="c">REF</subfield>
    <subfield code="d">2025-10-28</subfield>
    <subfield code="e">ABC </subfield>
    <subfield code="g">320.00</subfield>
    <subfield code="i">SGTU</subfield>
    <subfield code="o">612.015 RAO</subfield>
    <subfield code="p">DP841</subfield>
    <subfield code="r">2025-10-28 00:00:00</subfield>
    <subfield code="w">2025-09-17</subfield>
    <subfield code="y">BK</subfield>
    <subfield code="k">21721</subfield>
  </datafield>
  <datafield tag="952" ind1=" " ind2=" ">
    <subfield code="0">0</subfield>
    <subfield code="1">0</subfield>
    <subfield code="2">ddc</subfield>
    <subfield code="4">0</subfield>
    <subfield code="7">0</subfield>
    <subfield code="8">FS</subfield>
    <subfield code="a">SSSL</subfield>
    <subfield code="b">SSSL</subfield>
    <subfield code="c">TXT</subfield>
    <subfield code="d">2025-10-28</subfield>
    <subfield code="e">ABC </subfield>
    <subfield code="g">320.00</subfield>
    <subfield code="i">SGTU</subfield>
    <subfield code="l">0</subfield>
    <subfield code="o">612.015 RAO</subfield>
    <subfield code="p">DP842</subfield>
    <subfield code="r">2025-10-28 00:00:00</subfield>
    <subfield code="w">2025-09-17</subfield>
    <subfield code="y">BK</subfield>
    <subfield code="k">21721</subfield>
  </datafield>
  <datafield tag="952" ind1=" " ind2=" ">
    <subfield code="0">0</subfield>
    <subfield code="1">0</subfield>
    <subfield code="2">ddc</subfield>
    <subfield code="4">0</subfield>
    <subfield code="7">0</subfield>
    <subfield code="8">FS</subfield>
    <subfield code="a">SSSL</subfield>
    <subfield code="b">SSSL</subfield>
    <subfield code="c">TXT</subfield>
    <subfield code="d">2025-10-28</subfield>
    <subfield code="e">ABC </subfield>
    <subfield code="g">320.00</subfield>
    <subfield code="i">SGTU</subfield>
    <subfield code="l">0</subfield>
    <subfield code="o">612.015 RAO</subfield>
    <subfield code="p">DP843</subfield>
    <subfield code="r">2025-10-28 00:00:00</subfield>
    <subfield code="w">2025-09-17</subfield>
    <subfield code="y">BK</subfield>
    <subfield code="k">21721</subfield>
  </datafield>
  <datafield tag="952" ind1=" " ind2=" ">
    <subfield code="0">0</subfield>
    <subfield code="1">0</subfield>
    <subfield code="2">ddc</subfield>
    <subfield code="4">0</subfield>
    <subfield code="7">0</subfield>
    <subfield code="8">FS</subfield>
    <subfield code="a">SSSL</subfield>
    <subfield code="b">SSSL</subfield>
    <subfield code="c">TXT</subfield>
    <subfield code="d">2025-10-28</subfield>
    <subfield code="e">ABC </subfield>
    <subfield code="g">320.00</subfield>
    <subfield code="i">SGTU</subfield>
    <subfield code="l">0</subfield>
    <subfield code="o">612.015 RAO</subfield>
    <subfield code="p">DP844</subfield>
    <subfield code="r">2025-10-28 00:00:00</subfield>
    <subfield code="w">2025-09-17</subfield>
    <subfield code="y">BK</subfield>
    <subfield code="k">21721</subfield>
  </datafield>
  <datafield tag="952" ind1=" " ind2=" ">
    <subfield code="0">0</subfield>
    <subfield code="1">0</subfield>
    <subfield code="2">ddc</subfield>
    <subfield code="4">0</subfield>
    <subfield code="7">0</subfield>
    <subfield code="8">FS</subfield>
    <subfield code="a">SSSL</subfield>
    <subfield code="b">SSSL</subfield>
    <subfield code="c">TXT</subfield>
    <subfield code="d">2025-10-28</subfield>
    <subfield code="e">ABC </subfield>
    <subfield code="g">320.00</subfield>
    <subfield code="i">SGTU</subfield>
    <subfield code="l">0</subfield>
    <subfield code="o">612.015 RAO</subfield>
    <subfield code="p">DP845</subfield>
    <subfield code="r">2025-10-28 00:00:00</subfield>
    <subfield code="w">2025-09-17</subfield>
    <subfield code="y">BK</subfield>
    <subfield code="k">21721</subfield>
  </datafield>
  <datafield tag="999" ind1=" " ind2=" ">
    <subfield code="c">32930</subfield>
    <subfield code="d">32930</subfield>
  </datafield>
</record>
